Movies Quiz

Random Movies or Disney Quiz

Disney Villains' Final Words Quiz Stats

Quiz Updated Aug 4, 2012

Challenge
Share
Tweet
Embed
Score 0/30 Timer 12:00
2 Plays Today
Quote Villain % Correct
'OFF with her head!'Queen Of Hearts (Alice In Wonderland)
88.5%
'Smee! Smee! SMEEEEEEEEEEEEE!'Captain Hook (Peter Pan)
84.4%
'My lamp... Nooooo!'Jafar (Aladdin: Return of Jafar)
84.2%
'By the hair of ya chiny, chin, chin, I'll huff and I'll puff and I'll blow your house in!'Big Bad Wolf (The Three Little Pigs)
65%
'The toys! The toys are alive! Nice dolly...'Sid (Toy Story)
64.5%
'Ah my friends... No, no, l-l-let... let me explain. No, you don't understand. No, no, I didn't mean- No, no...!!!'Scar (The Lion King)
59.1%
'Idiots! Children destroy toys! You'll all be ruined! Forgotten! Spending eternity rotting in some land fill!... No, No, Nooooo!'Stinky Pete (Toy Story 2)
40.4%
'Now shall you deal with me, O Prince, and all the powers of hell!'Maleficent (Sleeping Beauty)
33%
'Sqeaken'Yzma (The Emperor's New Groove)
31.7%
'And he shall smite the wicked and plunge them into the fiery pit.'Judge Claude Frollo (The Hunchback Of Notre Dame)
30.8%
'You idiots! You, you fools! Ah! You imbeciles!'Cruella De Vil (101 Dalmatians)
30.1%
'Where will everybody get their scream now? The energy crisis will only get worse because of YOU!.'Henry J. Waternoose (Monsters Inc.)
29.3%
'You cowardly cobra! Procrastinating python! Agravating asp! Ooh, you eel in snake's clothing!'Prince John (Robin Hood)
27.9%
'So much for true love.'Ursula (The Little Mermaid)
27.3%
'Go ahead shoot me. Be a man.'Clayton (Tarzan)
27%
Quote Villain % Correct
'Where's your kid now, Sheriff?'Lotso Huggin' Bear (Toy Story 3)
24.7%
'I hate horrible, wholesome sunshine! I hate it! I hate it! I hate! Hate!...'Mad Madam Mim (The Sword In The Stone)
21.2%
'No! Please, don't! Just a little more time! I promise I'll pay y'all back! I promise! AHHHH!!!!'Dr. Facilier (The Princess & The Frog)
20.1%
'There goes my... [sob] diamond!'Madame Medusa (The Rescuers)
20%
'You're going to Timbuktu if it's the last thing I do.'Edgar (The Aristocats)
19.1%
'FAGIN!!!!!!'Sykes (Oliver & Co.)
18.8%
'I got no strings on me.'Stromboli (Pinocchio)
17.3%
'Are there a bunch of little girls in this one too? Hello girls. No, no, ahh, no...'Hopper (A Bug's Life)
16.1%
'This isn't the end of it. I will get your son eventually. I'll get your son! Hahaha! Oh no.'Syndrome (The Incredibles)
15.5%
'Let me go, please don't hurt me. I'll do anything, Anything!... Ahhhhhhhhhhhh!'Gaston (Beauty & The Beast)
15.3%
'It looks like you're out of ideas.'Shan-Yu (Mulan)
14%
'Now look what you've done!!! My Bugs! My bugs! My bugs, my bugs, my bu...'Oogie Boogie (The Nightmare Before Christmas)
13.4%
'I whooped ya! I whooped ya all! You'll think twice before messing with Percival C. [Last Name]! Ha, ha, ha! ... Wha? NO! AAAH!!... NOOOOOOO!!!'Percival C. McLeach (The Rescuers Down Under)
11.1%
'Untie me at once. I'll have your heads for this!'Governor Ratcliffe (Pocahontas)
10.8%
'I don't feel so good, I feel a little fluuuuuuuuuushed.'Hades (Hercules)
9.1%

You're not logged in!

Compare scores with friends on all Sporcle quizzes.
Join for Free
OR
Log In

You Might Also Like...

Show Comments

Extras

Top Quizzes Today


Score Distribution

Your Account Isn't Verified!

In order to create a playlist on Sporcle, you need to verify the email address you used during registration. Go to your Sporcle Settings to finish the process.

Report this User

Report this user for behavior that violates our Community Guidelines.

Details: